000 004260000a22001690004500
003 MACL
005 20160102130859.0
008 160102b xxu||||| |||| 00| 0 eng d
040 _aMACL
_cMACL
041 _aEnglish
082 _a770/SAR
100 _aSardesaim, Dr R N
_927025
245 _aPicturesque Orientalia
260 _bOriental Book Agency
_c1938
_aPuna
650 _aPhotography
_927026
942 _cBK
_k770/SAR
_2ddc
999 _c38666
_d38666